000 00328nam a2200145Ia 4500
008 150201s2012 xx 000 0 und d
082 _a610.7
_bE12L
100 _aLOHUMI, SHAMA
245 _aENGLISH FOR NURSES
250 _a1ST
260 _bELSEVIER
_aINDIA
_c2012
300 _a262
650 _aNURSING
942 _2ddc
_cBK
_08
999 _c2340
_d2340